Vista normal
Vista MARC
Entrada Personal Name
Número de registros utilizados en: 1
001 - CONTROL NUMBER
- control field: 62353
003 - CONTROL NUMBER IDENTIFIER
- control field: OSt
005 - DATE AND TIME OF LATEST TRANSACTION
- control field: 20250814222045.0
008 - FIXED-LENGTH DATA ELEMENTS
- fixed length control field: 250814|| aca||aabn | a|a d
040 ## - CATALOGING SOURCE
- Original cataloging agency: OSt
- Transcribing agency: OSt
100 ## - HEADING--PERSONAL NAME
- Personal name: Saussure, Ferdinand de,
- Dates associated with a name: 1857-1913
670 ## - SOURCE DATA FOUND
- Source citation: Work cat.: (OSt)58061: Saussure, Ferdinand de, 1857-1913 aut, Curso de lingüística general / Ferdinand de Saussure /